000 00963cam a22001934a 4500
005 20250605164211.0
008 250528s ||||||||||||||||||||||||d
035 _a20245
020 _a675201548
040 _aGR-AtMCL
_bgre
_dGR-AtMCL
_eAACR2
245 1 _aAn Introduction to Statistics / For Psychology and Education
260 _bCharles E. Merrill Publishing Company,
_c1984
300 _a384
520 _aIntroduction, Descriptive Statistics, Propability, Sampling Distributions, Inferences about a Single Mean, Hypothesis Testing and Decision Making, Inferences about Pairs of Means, Inferences about Variance, One-Way Analysis of Variance, Two-Way Analysis of Variance, Regression and Correlation, Analysis of Categorical Data, Nonparametric Statistics, Computer Statistics Packages, Appendices, Tables of Critical Values, Answers to Even-numbered Questions.
700 1 _aClayton Keith N
_96271
942 _cBK
999 _c5378
_d5378